| 000 | 00592nam a22002057i 4500 | ||
|---|---|---|---|
| 001 | 4439 | ||
| 003 | OSt | ||
| 005 | 20170126082335.0 | ||
| 007 | tu | ||
| 008 | 161220s1999 xxu||||| |||| 00| 0 d | ||
| 024 | 7 |
_a4438 _2RID |
|
| 040 | _cOSt | ||
| 100 | 1 | _aBöhm, Hjalmar | |
| 245 | 0 | 0 | _aDiscovering the Link between Uncertainty and Investment - Microeconometric Evidence from Germany |
| 260 |
_aHamburg : _bHWWA-Institut für Wirtschaftsforschung,Hamburg, _c1999. |
||
| 300 |
_a27 S. ; _c30cm. |
||
| 490 |
_aHWWA-Diskussionspapier _v80 |
||
| 700 | 1 | _aFunke, Michael | |
| 700 | 1 | _aSiegfried, Nikolaus A. | |
| 942 | _cB | ||
| 999 |
_c4358 _d4358 |
||